000 00248nam a2200109Ia 4500
008 200302s9999 xx 000 0 und d
100 _aJocasta Innes
245 _aPainted Furniture
260 _bMitchell Beazley
260 _c1991
300 _a160 P.,
999 _c1762
_d1762